| 000 | 00420cam a22001097a 4500 | ||
|---|---|---|---|
| 008 | 180718b1966 xxu||||| |||| 00| 0 eng d | ||
| 082 | _aTooo Un3 | ||
| 245 |
_aEconomic and social development plans: centrally-planned economies developed market economies _cby Department of Economic Affairs |
||
| 260 |
_aNew York _bHer Majesty's Stationery Office _c1966 |
||
| 300 | _av, 59p | ||
| 700 | _aU.S.A. Department of Economic Affairs | ||
| 999 |
_c496688 _d496688 |
||